000 00580nam a2200193Ia 4500
001 8328
003 GE_BSU
008 181216s||||||||xx |||||||||||||| ||und||
040 _cGE_BSU
245 _aУспехи современной биологии, Том 133.№5.2013.
245 _bСентябрь-октябрь
245 _cгл.ред.И.А.Захаров-Гезечус и др.
260 _aМосква.
260 _bНАУКА.
260 _c2013.
300 _a528ст;28см.
653 _aУспехи современной биологии
942 _cCR
999 _c41655
_d41655